El islam en su cultura

Salvato in:
Dettagli Bibliografici
Autore principale: Bausani, Alessandro (Autore)
Natura: Libro
Lingua:spagnolo
Pubblicazione: Ciudad de México Fondo de Cultura Económica 1988
Serie:Breviarios del Fondo de Cultura Económica, 448
Soggetti:
Tags: Aggiungi Tag
Nessun Tag, puoi essere il primo ad aggiungerne!!

MARC

LEADER 00000nam a2200000 a 4500
001 UCX2886
003 CL-VaPUC
008 910828e19880000MX |||||||||||||||||spa|d
082 0 4 |a 297  |b BAU  |2 21 
100 0 |a Bausani, Alessandro  |e author  |9 318986 
245 1 3 |a El islam en su cultura 
300 |a 259 p 
942 |c BK 
945 |d 19910828 00:00:00 
260 |a Ciudad de México  |b Fondo de Cultura Económica  |c 1988 
650 0 |a Civilización islámica  |9 314083 
650 0 |a Islamismo  |9 314084 
583 |a last modification  |c 20190730 02:18:58  |k Rodrigo Vera 
490 0 |a Breviarios del Fondo de Cultura Económica, 448 
999 |c 223803  |d 223801 
952 |0 0  |1 0  |4 0  |6 297_000000000000000_BAU_1988  |7 0  |8 A  |9 219967  |a BIBHIS  |b BIBHIS  |d 2019-11-15  |i 2886308  |l 1  |m 2  |o 297 BAU 1988  |p 2886308  |r 2025-01-20  |s 2024-05-09  |w 2019-11-15  |y BK  |k HIS